NASCAR by the NUMBERS - Statistics

General Stats
  • This quiz has been taken 125 times
  • The average score is 18 of 39
Answer Stats
Car Number Sponsor Wins Driver % Correct
5 Hendrick Cars 26 Kyle Larson
94%
3 GM Goodwrech 67 Dale Earnhardt
92%
11 Fed Ex 60 Denny Hamlin
90%
4 Busch Light 37 Kevin Harvick
88%
18 Peanut M&M's 56 Kyle Busch
87%
24 Dupont 93 Jeff Gordon
85%
22 Pennzoil 35 Joey Logano
78%
43 STP 192 Richard Petty
78%
48 Lowe's 83 Jimmie Johnson
77%
2 Miller Beer 37 Rusty Wallace
77%
14 Office Depot 16 Tony Stewart
77%
20 Home Depot 33 Tony Stewart
76%
6 Valvoline 35 Mark Martin
74%
9 Coors Beer 38 Bill Elliott
72%
29 GM Goodwrench 23 Kevin Harvick
70%
99 Aflac 23 Carl Edwards
67%
78 Bass Pro Shop 17 Martin Truex Jr
66%
42 Petty Enterprises 53 Lee Petty
63%
16 National Guard 19 Greg Biffle
62%
97 Sharpie 14 Kurt Busch
62%
88 Ford Quality Care 28 Dale Jarrett
43%
33 Skoal Bandits 18 Harry Gant
35%
21 Purolator 43 David Pearson
30%
27 Kodiak Tobacco 18 Rusty Wallace
29%
12 Miller Beer 25 Bobby Allison
27%
91 Fabulous Hudson Hornet 16 Tim Flock
17%
17 East Tennessee Motor Co. 30 David Pearson
14%
26 Holly Farms Poultry 12 Junior Johnson
14%
71 K&K Insurance 35 Bobby Isaac
13%
15 Norris 14 Bobby Allison
10%
72 Russell Bennett Chevrolet 12 Benny Parsons
8%
87 Air Lift 26 Buck Baker
8%
92 Motoramic 42 Herb Thomas
8%
8 Gillman Pontiac 20 Joe Weatherly
8%
28 Lafayette Ford 25 Fred Lorenzen
6%
98 Torino Cobra 10 LeeRoy Yarbrough
6%
41 Harvest Ford 12 Curtis Turner
2%
47 Miller Pontiac 18 Jack Smith
1%
19 Bass Pro Shop 15 Martin Truax Jr
1%
No matching quizzes found
Score Distribution
Percent of People with Each Score
Percentile by Number Answered
Your Score History
You have not taken this quiz